| 000 | 00555nam a22001937a 4500 | ||
|---|---|---|---|
| 003 | PILC | ||
| 005 | 20160201145910.0 | ||
| 008 | 140109b xxu||||| |||| 00| 0 eng d | ||
| 020 | _a0495007021 | ||
| 050 |
_aBF 181 _b.M85 2006 |
||
| 100 | _aMyers, Anne. | ||
| 245 |
_aExperimental psychology / _cAnne Myers. |
||
| 250 | _a6th edition. | ||
| 260 |
_aUnited States : _bThomson Wadsworth, _c2006. |
||
| 300 |
_a603 pages : _billustrations ; _c24 cm. |
||
| 500 | _aIncludes bibliographical references and index. | ||
| 942 |
_2lcc _cBK _kFOR |
||
| 999 |
_c26007 _d26007 |
||